| 000 | 00387nam a22001337a 4500 | ||
|---|---|---|---|
| 005 | 20250929130345.0 | ||
| 020 | _a9788196970499 | ||
| 082 | _a861.62 NER/Y | ||
| 100 |
_aNeruda, Pablo _92282 |
||
| 245 |
_aYahi Hai Sadgi/ _cby Pablo Neruda Hindi translation by Prabahati Nantiyal |
||
| 260 |
_a. - New Delhi _b: Prakashan Samsthan _c, 2024 |
||
| 300 | _axii+120 pages | ||
| 942 |
_2ddc _c GIF |
||
| 999 |
_c751838 _d751838 |
||